[Event "Gornozavodsk op"]
[Site "Gornozavodsk"]
[Date "2010.11.08"]
[Round "9"]
[White "Zakharov, Andrey"]
[Black "Arzamastsev, Artur"]
[Result "0-1"]
[WhiteElo "2200"]
[BlackElo "2132"]
[PlyCount "30"]
[EventDate "2010.11.01"]
[EventType "swiss"]
[EventRounds "10"]
[EventCountry "RUS"]
[SourceTitle "EXT 2012"]
[Source "ChessBase"]
[SourceDate "2011.11.24"]
[SourceVersion "1"]
[SourceVersionDate "2011.11.24"]
[SourceQuality "1"]

1. f4 d5 2. b3 Nf6 3. Bb2 e6 4. Nf3 c5 5. e3 Be7 6. g3 0-0 7. Bg2 b5 8. a4 b4 9. 0-0 Bb7 10. d3 Nc6 11. Qe2 Na5 12. Nbd2 Rc8 13. Ne5 Qb6 14. e4 c4+ 15. Qf2 c3 0-1

[Event "Gornozavodsk op"]
[Site "Gornozavodsk"]
[Date "2010.11.02"]
[Round "3"]
[White "Zakharov, Andrey"]
[Black "Uglinskih, Alexandr"]
[Result "0-1"]
[WhiteElo "2200"]
[BlackElo "2348"]
[PlyCount "88"]
[EventDate "2010.11.01"]
[EventType "swiss"]
[EventRounds "10"]
[EventCountry "RUS"]
[SourceTitle "EXT 2012"]
[Source "ChessBase"]
[SourceDate "2011.11.24"]
[SourceVersion "1"]
[SourceVersionDate "2011.11.24"]
[SourceQuality "1"]

1. f4 g6 2. Nf3 Bg7 3. d4 d5 4. e3 Nf6 5. Bd3 0-0 6. 0-0 c5 7. c3 Nc6 8. Nbd2 Qc7 9. Qe2 Bf5 10. Ne5 e6 11. h3 c4 12. Bb1 b5 13. g4 Bxb1 14. Rxb1 Ne4 15. Nxe4 dxe4 16. Nxc6 Qxc6 17. g5 h6 18. h4 hxg5 19. hxg5 f6 20. gxf6 Bxf6 21. b3 cxb3 22. Rxb3 a6 23. Ba3 Rf7 24. Bc5 Qd5 25. Rf2 Rh7 26. Rg2 Rh6 27. c4 bxc4 28. Rb6 Kf7 29. Rh2 Rxh2 30. Qxh2 Rh8 31. Qg2 Rh4 32. Rxa6 Qh5 33. Ra7+ Kg8 34. Ra8+ Kh7 35. Ra7+ Bg7 36. Bf8 Rg4 37. Bxg7 Rxg2+ 38. Kxg2 Qf3+ 39. Kh2 Qf2+ 40. Kh1 c3 41. d5 Qe1+ 42. Kg2 Qd2+ 43. Kg3 Qxe3+ 44. Kg4 Qxa7 0-1

[Event "Gornozavodsk Europe-Asia op"]
[Site "Gornozavodsk"]
[Date "2009.11.12"]
[Round "?"]
[White "Zakharov, Andrey"]
[Black "Abashev, Alex"]
[Result "0-1"]
[WhiteElo "2228"]
[BlackElo "2241"]
[PlyCount "58"]
[EventDate "2009.11.07"]
[EventType "swiss"]
[EventRounds "11"]
[EventCountry "RUS"]
[SourceTitle "EXT 2012"]
[Source "ChessBase"]
[SourceDate "2011.11.24"]
[SourceVersion "1"]
[SourceVersionDate "2011.11.24"]
[SourceQuality "1"]

1. f4 c5 2. b3 Nc6 3. Bb2 d6 4. Nf3 h5 5. e3 h4 6. Be2 h3 7. g3 Nh6 8. 0-0 e5 9. d3 exf4 10. exf4 Nf5 11. Qd2 Be6 12. a4 d5 13. Na3 c4 14. Kh1 cxb3 15. cxb3 Qb6 16. Bd1 Bb4 17. Qe2 Qe3 18. Nb5 0-0-0 19. Rc1 a6 20. Nbd4 Qxe2 21. Bxe2 Kd7 22. Ne5+ Nxe5 23. fxe5 Ne3 24. Rf2 Bd2 25. Rb1 Rc8 26. Bf3 Bc3 27. Bxc3 Rxc3 28. Be2 Rhc8 29. b4 Rc1+ 0-1

[Event "Gornozavodsk Europe-Asia op"]
[Site "Gornozavodsk"]
[Date "2009.11.09"]
[Round "?"]
[White "Kotchnev, Andrey"]
[Black "Zakharov, Andrey"]
[Result "1/2-1/2"]
[WhiteElo "2076"]
[BlackElo "2228"]
[PlyCount "42"]
[EventDate "2009.11.07"]
[EventType "swiss"]
[EventRounds "11"]
[EventCountry "RUS"]
[SourceTitle "EXT 2012"]
[Source "ChessBase"]
[SourceDate "2011.11.24"]
[SourceVersion "1"]
[SourceVersionDate "2011.11.24"]
[SourceQuality "1"]

1. e4 e5 2. Nf3 Nc6 3. Bb5 a6 4. Bxc6 dxc6 5. b3 Bd6 6. Bb2 f6 7. 0-0 Be6 8. c4 Ne7 9. Nc3 c5 10. h3 Qd7 11. Kh2 Nc6 12. Nd5 0-0-0 13. a3 Rdg8 14. Qc2 Nd4 15. Nxd4 cxd4 16. b4 Bxd5 17. cxd5 g5 18. Kg1 h5 19. Qd3 g4 20. h4 Rf8 21. f3 Rhg8 1/2-1/2

[Event "Gornozavodsk Europe-Asia op"]
[Site "Gornozavodsk"]
[Date "2009.11.08"]
[Round "?"]
[White "Kanter, Eduard"]
[Black "Zakharov, Andrey"]
[Result "1-0"]
[WhiteElo "2371"]
[BlackElo "2228"]
[PlyCount "47"]
[EventDate "2009.11.07"]
[EventType "swiss"]
[EventRounds "11"]
[EventCountry "RUS"]
[SourceTitle "EXT 2012"]
[Source "ChessBase"]
[SourceDate "2011.11.24"]
[SourceVersion "1"]
[SourceVersionDate "2011.11.24"]
[SourceQuality "1"]

1. d4 Nf6 2. g3 e6 3. Bg2 Be7 4. c4 0-0 5. Nf3 b6 6. Ne5 c6 7. 0-0 Bb7 8. Nc3 d6 9. Nd3 Qc7 10. e4 h6 11. Bf4 Na6 12. Rc1 Qd7 13. e5 dxe5 14. Nxe5 Qe8 15. Qa4 b5 16. cxb5 cxb5 17. Nxb5 Bxg2 18. Kxg2 Nb8 19. Nc6 Nxc6 20. Nc7 Qd7 21. Qxc6 Qxc6+ 22. Rxc6 Rac8 23. Rfc1 Nd5 24. Nxd5 1-0

[Event "Europe-Asia op"]
[Site "Perm"]
[Date "2008.11.??"]
[Round "9"]
[White "Zakharov, Andrey"]
[Black "Grebionkin, Vasily"]
[Result "1-0"]
[WhiteElo "2211"]
[BlackElo "2087"]
[PlyCount "67"]
[EventDate "2008.11.10"]
[EventType "swiss"]
[EventRounds "11"]
[EventCountry "RUS"]
[SourceTitle "EXT 2022"]
[Source "ChessBase"]
[SourceDate "2021.10.06"]
[SourceVersion "1"]
[SourceVersionDate "2021.10.06"]
[SourceQuality "1"]

1. e4 e5 2. Nf3 Nc6 3. Bc4 Bc5 4. d3 Nf6 5. 0-0 d6 6. c3 0-0 7. Bb3 Ne7 8. Re1 Ng6 9. Nbd2 Re8 10. Nf1 Bb6 11. Ng3 c6 12. h3 d5 13. Bg5 h6 14. Bxf6 Qxf6 15. exd5 Nf4 16. d4 cxd5 17. dxe5 Qe7 18. Bxd5 Nxd5 19. Qxd5 Be6 20. Qd6 Qxd6 21. exd6 Rad8 22. Red1 f5 23. Nh4 f4 24. Ngf5 g5 25. Ne7+ Kf7 26. Nhf5 Bxf5 27. Nxf5 Re2 28. Nxh6+ Kg6 29. Ng4 Rxb2 30. a4 a5 31. Rd5 Rc2 32. Rad1 Rxc3 33. d7 Ra3 34. Ne5+ 1-0

[Event "Europe-Asia op"]
[Site "Perm"]
[Date "2008.11.??"]
[Round "11"]
[White "Zakharov, Andrey"]
[Black "Poletaev, Vitaly"]
[Result "1-0"]
[WhiteElo "2211"]
[BlackElo "2083"]
[PlyCount "103"]
[EventDate "2008.11.10"]
[EventType "swiss"]
[EventRounds "11"]
[EventCountry "RUS"]
[SourceTitle "EXT 2022"]
[Source "ChessBase"]
[SourceDate "2021.10.06"]
[SourceVersion "1"]
[SourceVersionDate "2021.10.06"]
[SourceQuality "1"]

1. d4 d5 2. c4 c6 3. Nc3 Nf6 4. Bg5 e6 5. cxd5 cxd5 6. e3 Be7 7. Bd3 Nc6 8. a3 h6 9. Bh4 a6 10. Nge2 0-0 11. 0-0 Nh5 12. Bxe7 Qxe7 13. Bc2 f5 14. Qd3 Nf6 15. f3 Bd7 16. e4 b5 17. e5 Nh7 18. Nf4 Qg5 19. g3 h5 20. Kh1 h4 21. Nh3 Qe7 22. g4 Ng5 23. Nf4 Qf7 24. gxf5 Qxf5 25. Qxf5 exf5 26. Rad1 Ne6 27. Nfe2 Ne7 28. Bb3 Bc6 29. f4 Rad8 30. Rd3 Ng6 31. Nd1 Ne7 32. Rh3 Ng6 33. Ne3 Kh7 34. Bc2 Ne7 35. Rxh4+ Kg8 36. Rh5 g6 37. Rg1 Ng7 38. Rh6 Kf7 39. Nc3 Rh8 40. Rxh8 Rxh8 41. Bb3 Rd8 42. Rc1 Ne6 43. Ne2 Ba8 44. Kg2 Rg8 45. h4 Kg7 46. Kf3 Rh8 47. Kg3 Rb8 48. Rh1 b4 49. a4 a5 50. Kf3 Rh8 51. Bc2 Rb8 52. h5 1-0

[Event "Perm op 09"]
[Site "Perm"]
[Date "2008.09.18"]
[Round "8"]
[White "Goldshtein, Grigory"]
[Black "Zakharov, Andrey"]
[Result "0-1"]
[WhiteElo "2184"]
[BlackElo "2211"]
[PlyCount "74"]
[EventDate "2008.09.09"]
[EventType "swiss"]
[EventRounds "9"]
[EventCountry "RUS"]
[SourceTitle "EXT 2022"]
[Source "ChessBase"]
[SourceDate "2021.10.06"]
[SourceVersion "1"]
[SourceVersionDate "2021.10.06"]
[SourceQuality "1"]

1. c4 e5 2. Nc3 Nc6 3. Nf3 Bc5 4. e3 d6 5. d4 Bb6 6. b4 a5 7. b5 exd4 8. exd4 Nb8 9. Be3 Nd7 10. Bd3 Ne7 11. 0-0 0-0 12. Qc2 h6 13. Rad1 Re8 14. c5 Ba7 15. b6 cxb6 16. cxd6 Nc6 17. a3 Bb8 18. Nb5 Nf6 19. d5 Na7 20. Nc7 Bxc7 21. dxc7 Qd6 22. Rb1 Nxd5 23. Rfd1 Nxe3 24. Bh7+ Kf8 25. Rxd6 Nxc2 26. Bxc2 b5 27. Nd4 Ke7 28. Rd5 Bd7 29. Re1+ Kf8 30. Rxe8+ Bxe8 31. Bf5 Ke7 32. f4 g6 33. Bg4 f5 34. Be2 Bc6 35. Re5+ Kd7 36. Re6 Rg8 37. Rf6 Kxc7 0-1

[Event "Sukhumi op"]
[Site "Sukhumi"]
[Date "2008.08.08"]
[Round "7"]
[White "Nikolaeva, Alexandra"]
[Black "Zakharov, Andrey"]
[Result "0-1"]
[WhiteElo "2199"]
[BlackElo "2211"]
[PlyCount "90"]
[EventDate "2008.08.03"]
[EventType "swiss"]
[EventRounds "9"]
[EventCountry "GEO"]
[SourceTitle "CBM 126 Extra"]
[Source "ChessBase"]
[SourceDate "2008.11.05"]
[SourceVersion "1"]
[SourceVersionDate "2008.11.05"]
[SourceQuality "1"]

1. d4 Nf6 2. c4 e6 3. Nc3 Bb4 4. a3 Bxc3+ 5. bxc3 b6 6. f3 Bb7 7. e4 d6 8. Bd3 Nbd7 9. Ne2 Qe7 10. Be3 e5 11. 0-0 0-0-0 12. Qa4 Kb8 13. c5 dxc5 14. d5 g5 15. Ng3 Ne8 16. Nf5 Qf6 17. Bb5 Bc8 18. Rab1 Nd6 19. Nxd6 Qxd6 20. Bxg5 Rdg8 21. Be3 Rg6 22. Qc4 Rhg8 23. Rf2 Bb7 24. a4 f5 25. exf5 R6g7 26. Qh4 Nf6 27. c4 Bc8 28. Qh3 e4 29. Kh1 Qe5 30. f4 Qe7 31. Re2 Ng4 32. Bg1 Bxf5 33. Qh5 Qf6 34. d6 cxd6 35. Bc6 e3 36. Rbe1 Rg6 37. Rxe3 Rh6 38. Qe8+ Rxe8 39. Rxe8+ Kc7 40. Bb5 d5 41. cxd5 Nxh2 42. Bxh2 Qh4 43. Kg1 Qxh2+ 44. Kf1 Qxf4+ 45. Ke2 Rh2 0-1

[Event "Sukhumi op"]
[Site "Sukhumi"]
[Date "2008.08.08"]
[Round "6"]
[White "Zakharov, Andrey"]
[Black "Gutkis, Vladimir"]
[Result "0-1"]
[WhiteElo "2211"]
[BlackElo "2260"]
[PlyCount "96"]
[EventDate "2008.08.03"]
[EventType "swiss"]
[EventRounds "9"]
[EventCountry "GEO"]
[SourceTitle "CBM 126 Extra"]
[Source "ChessBase"]
[SourceDate "2008.11.05"]
[SourceVersion "1"]
[SourceVersionDate "2008.11.05"]
[SourceQuality "1"]

1. d4 d5 2. Nf3 Nc6 3. g3 Bg4 4. Bg2 Nf6 5. 0-0 Bxf3 6. Bxf3 e5 7. dxe5 Nxe5 8. Bg2 c6 9. b3 Bd6 10. Bb2 0-0 11. Nd2 Re8 12. e3 Qe7 13. Qe2 Rad8 14. c4 Ba3 15. Bc3 Bb4 16. Bxe5 Qxe5 17. cxd5 Qb2 18. Rfd1 Nxd5 19. Rab1 Qxa2 20. Ra1 Qb2 21. Rab1 Nc3 22. Rxb2 Nxe2+ 23. Kf1 Nc3 24. Ra1 Nb5 25. Raa2 Kf8 26. Bf3 a6 27. Nc4 Nc3 28. Ra1 Ne4 29. Rc2 Rd3 30. Rb1 b5 31. Bxe4 Rxe4 32. Nb6 c5 33. Ra2 a5 34. Ke2 Rd6 35. Nc8 Rd7 36. Rd1 Rxd1 37. Kxd1 Re6 38. Kc2 Ke8 39. Ra1 Kd8 40. Na7 Rb6 41. Rd1+ Kc7 42. Rd5 Kb7 43. Rf5 f6 44. Nxb5 Rxb5 45. g4 Kc6 46. h4 c4 47. bxc4 Rxf5 48. gxf5 a4 0-1

[Event "Voronezh op-B"]
[Site "Voronezh"]
[Date "2008.06.17"]
[Round "6"]
[White "Avtsynov, Artyom"]
[Black "Zakharov, Andrey"]
[Result "1-0"]
[WhiteElo "1853"]
[BlackElo "2211"]
[PlyCount "27"]
[EventDate "2008.06.12"]
[EventType "swiss"]
[EventRounds "9"]
[EventCountry "RUS"]
[SourceTitle "CBM 125 Extra"]
[Source "ChessBase"]
[SourceDate "2008.09.01"]
[SourceVersion "1"]
[SourceVersionDate "2008.09.01"]
[SourceQuality "1"]

1. e4 c5 2. c3 Nc6 3. d4 e6 4. Nf3 Nge7 5. dxc5 e5 6. Be3 Ng6 7. Bc4 d6 8. Ng5 Be6 9. Bxe6 fxe6 10. Nxe6 Qa5 11. cxd6 Kd7 12. Nc5+ Ke8 13. d7+ Ke7 14. Bg5+ 1-0

[Event "Voronezh op-B"]
[Site "Voronezh"]
[Date "2008.06.16"]
[Round "5"]
[White "Zakharov, Andrey"]
[Black "Mukhina, Marina"]
[Result "0-1"]
[WhiteElo "2211"]
[BlackElo "1864"]
[PlyCount "52"]
[EventDate "2008.06.12"]
[EventType "swiss"]
[EventRounds "9"]
[EventCountry "RUS"]
[SourceTitle "CBM 125 Extra"]
[Source "ChessBase"]
[SourceDate "2008.09.01"]
[SourceVersion "1"]
[SourceVersionDate "2008.09.01"]
[SourceQuality "1"]

1. d4 d5 2. e3 Nf6 3. Be2 c6 4. Bd2 Bf5 5. Nf3 e6 6. c4 dxc4 7. Bxc4 Be7 8. Ne5 Nbd7 9. 0-0 Qc7 10. Bc3 Nxe5 11. dxe5 Ne4 12. f4 Nxc3 13. Nxc3 Qb6 14. Qe2 h5 15. h3 Bc5 16. Rf3 0-0-0 17. a3 h4 18. Rc1 Be7 19. Bb5 Kb8 20. Bc4 g5 21. g4 hxg3 22. fxg5 Rxh3 23. Rxf5 exf5 24. Rf1 Rdh8 25. Qf3 Bxg5 26. Nd1 f4 0-1

[Event "Gornozavodsk op"]
[Site "Gornozavodsk"]
[Date "2007.11.??"]
[Round "3"]
[White "Rozhnev, Ivan"]
[Black "Zakharov, Andrey"]
[Result "0-1"]
[WhiteElo "2131"]
[BlackElo "2221"]
[PlyCount "70"]
[EventDate "2007.11.??"]
[EventType "swiss"]
[EventRounds "11"]
[EventCountry "RUS"]
[SourceTitle "CBM 121 Extra"]
[Source "ChessBase"]
[SourceDate "2008.01.10"]
[SourceVersion "1"]
[SourceVersionDate "2008.01.10"]
[SourceQuality "1"]

1. e4 e5 2. Nf3 Nf6 3. Nc3 d6 4. h3 Nc6 5. Bc4 Na5 6. Qe2 Nxc4 7. Qxc4 Nd7 8. d4 Nb6 9. Qd3 exd4 10. Nxd4 Be7 11. Be3 a6 12. Nf5 Bxf5 13. exf5 c6 14. 0-0-0 Qc7 15. Qd4 Nd7 16. Qxg7 Bf6 17. Qg4 0-0-0 18. Qb4 Bxc3 19. Qxc3 c5 20. Bf4 Ne5 21. Rd2 f6 22. Rhd1 Rd7 23. Rd5 Rhd8 24. Bg3 b5 25. f4 b4 26. Qb3 Nc6 27. Bh4 Rf8 28. Qc4 Kb7 29. Bf2 Ne7 30. R5d3 Qc6 31. Qe6 Nc8 32. Bxc5 Re7 33. Qb3 dxc5 34. c3 a5 35. a4 c4 0-1

[Event "Gornozavodsk op"]
[Site "Gornozavodsk"]
[Date "2007.11.??"]
[Round "2"]
[White "Zakharov, Andrey"]
[Black "Krutko, Anatoly"]
[Result "0-1"]
[WhiteElo "2221"]
[BlackElo "2443"]
[PlyCount "66"]
[EventDate "2007.11.??"]
[EventType "swiss"]
[EventRounds "11"]
[EventCountry "RUS"]
[SourceTitle "CBM 121 Extra"]
[Source "ChessBase"]
[SourceDate "2008.01.10"]
[SourceVersion "1"]
[SourceVersionDate "2008.01.10"]
[SourceQuality "1"]

1. d4 Nf6 2. c4 e6 3. Nc3 Bb4 4. Qc2 c5 5. dxc5 Bxc5 6. Nf3 Nc6 7. Bg5 h6 8. Bh4 0-0 9. e3 b6 10. Rd1 Bb7 11. Be2 Qe7 12. a3 a5 13. 0-0 Rfd8 14. Rd2 d6 15. Rfd1 Rd7 16. Nd4 Bxd4 17. exd4 d5 18. Na4 Qd8 19. Bxf6 gxf6 20. c5 Rb8 21. Nxb6 Rc7 22. Rd3 f5 23. Qd2 Kh7 24. Qf4 Re7 25. Rh3 Qf8 26. Rdd3 Ba6 27. Rd2 Bxe2 28. Rxe2 Qg7 29. Rd2 Rg8 30. Rg3 Qf6 31. Rdd3 Rxg3 32. Rxg3 Qxd4 33. Qxd4 Nxd4 0-1

[Event "Gornozavodsk op"]
[Site "Gornozavodsk"]
[Date "2007.11.??"]
[Round "8"]
[White "Zakharov, Andrey"]
[Black "Sazonov, Artem"]
[Result "1-0"]
[WhiteElo "2221"]
[BlackElo "2181"]
[PlyCount "123"]
[EventDate "2007.11.??"]
[EventType "swiss"]
[EventRounds "11"]
[EventCountry "RUS"]
[SourceTitle "CBM 121 Extra"]
[Source "ChessBase"]
[SourceDate "2008.01.10"]
[SourceVersion "1"]
[SourceVersionDate "2008.01.10"]
[SourceQuality "1"]

1. Nf3 f5 2. c4 Nf6 3. g3 e6 4. Bg2 Be7 5. 0-0 0-0 6. Nc3 d5 7. d3 c6 8. cxd5 exd5 9. e3 Nbd7 10. Bd2 Bd6 11. Rc1 Ne5 12. Nxe5 Bxe5 13. Qb3 Kh8 14. d4 Bd6 15. Na4 Qe7 16. Nc5 Ne4 17. Bb4 b6 18. Nd3 Bxb4 19. Qxb4 Qe8 20. Rfd1 Bb7 21. a4 Rf6 22. a5 Qf8 23. Qxf8+ Rfxf8 24. Ne5 Rfc8 25. Bf1 b5 26. Rc2 a6 27. Rdc1 Nd6 28. b3 Rc7 29. Nxc6 Rac8 30. Nb4 Rxc2 31. Rxc2 Rxc2 32. Nxc2 Ne4 33. Bd3 Nd2 34. b4 g6 35. Kg2 Kg7 36. Na1 Kf6 37. Bc2 Nc4 38. Nb3 Na3 39. Bd3 Nc4 40. Nc5 Bc8 41. h4 h6 42. Be2 Na3 43. Bd3 Nc4 44. Kf1 Nb2 45. Ke2 Nc4 46. f3 g5 47. hxg5+ hxg5 48. Bxc4 dxc4 49. e4 Kg6 50. Ke3 Kf6 51. e5+ Kf7 52. d5 Ke7 53. Kd4 g4 54. fxg4 fxg4 55. d6+ Ke8 56. e6 Bxe6 57. Nxe6 Kd7 58. Nc5+ Kxd6 59. Nxa6 Kc6 60. Nc5 Kc7 61. Ne4 Kc6 62. Nf6 1-0